[Event "11th Rector Cup Match of Champions"]
[Site "Kharkov UKR"]
[Date "2009.03.26"]
[Round "1"]
[White "Miroshnichenko,E"]
[Black "Moiseenko,A1"]
[Result "1/2-1/2"]
[WhiteElo "2667"]
[BlackElo "2676"]

1.d4 Nf6 2.Nf3 e6 3.c4 Bb4+ 4.Nbd2 O-O 5.g3 d5 6.Bg2 dxc4 7.Qc2 Nc6 8.Qxc4 Bd6
9.O-O e5 10.dxe5 Nxe5 11.Nxe5 Bxe5 12.Qc2 c6 13.Nc4 Bc7 14.b3 Re8 15.Ba3 Bg4
16.f3 Be6 17.Rad1 Qc8 18.Nd6 Bxd6 19.Rxd6 Bh3 20.e4 Bxg2 21.Kxg2 Qc7 22.Rfd1 h6
23.Qd2 Re6 24.Bb2 Rxd6 25.Qxd6 Qxd6 26.Rxd6 a5 27.a4 Kf8 28.Bxf6 gxf6 29.Rxf6 Rd8
30.Rxh6 Rd2+ 31.Kh3 Rd3 32.Kg4 Rxb3 33.Rh8+ Kg7 34.Rc8 Rb4 35.Rc7 b5 36.axb5 cxb5
37.Kf5 a4 38.Ra7 Rb2 39.g4 Rxh2 40.g5 Rh8 41.e5 b4 42.e6 Rf8 43.e7 Re8 44.Rxa4 b3
45.Rb4 Rxe7 46.Rxb3 Ra7 47.Rb6 Ra5+ 48.Kg4 Rc5 49.f4 Rc4 50.Rb7 Kg6 51.Rb6+  1/2-1/2

[Event "25th Spring Festival"]
[Site "Budapest HUN"]
[Date "2009.03.28"]
[Round "9"]
[White "Corke,A"]
[Black "Berczes,C"]
[Result "1/2-1/2"]
[WhiteElo "2260"]
[BlackElo "2383"]

1.d4 Nf6 2.c4 e6 3.Nf3 Bb4+ 4.Nbd2 b6 5.a3 Bxd2+ 6.Qxd2 Bb7 7.e3 a5 8.b3 O-O
9.Bb2 Ne4 10.Qc2 f5 11.Bd3 d6 12.Qe2 Nd7 13.O-O Rf6 14.d5 Rh6 15.dxe6 Ndc5
16.Bc2 Nxe6 17.Rad1 Qe7 18.Rd5 Rf8 19.b4 axb4 20.axb4 Bxd5 21.cxd5 Nd8 22.g3 Qf7
23.Nd4 Qg6 24.Ra1  1/2-1/2

[Event "TCh-HUN 2008-9"]
[Site "Mako HUN"]
[Date "2009.04.05"]
[Round "10"]
[White "Csiszar,C"]
[Black "Volosin,V"]
[Result "1/2-1/2"]
[WhiteElo "2437"]
[BlackElo "2278"]

1.d4 Nf6 2.c4 e6 3.Nf3 Bb4+ 4.Nbd2 d5 5.a3 Be7 6.e3 O-O 7.Qc2 b6 8.Bd3 Bb7
9.cxd5 exd5 10.b4 a5 11.b5 c5 12.bxc6 Nxc6 13.Rb1 Rb8 14.O-O Na7 15.Ne5 Qd6
16.Ra1 Rfc8 17.Qb1 a4 18.Bb2 Rc7 19.f3 b5  1/2-1/2

[Event "Open"]
[Site "Lenk SUI"]
[Date "2009.04.10"]
[Round "3"]
[White "Broennimann,M"]
[Black "Sokolov,And1"]
[Result "0-1"]
[WhiteElo "2292"]
[BlackElo "2558"]

1.d4 Nf6 2.c4 e6 3.Nf3 Bb4+ 4.Nbd2 O-O 5.a3 Bxd2+ 6.Qxd2 b6 7.e3 Bb7 8.Bd3 c5
9.dxc5 bxc5 10.b4 Ne4 11.Qc2 f5 12.O-O d6 13.Bb2 Nd7 14.Rfd1 Qe7 15.b5 e5
16.Nd2 Nxd2 17.Rxd2 Qg5 18.f4 exf4 19.exf4 Qxf4 20.Rf2 Qe3 21.Bxf5 Rae8 22.Rf1 Be4
23.Bxe4 Rxe4 24.Qc3 Qxc3 25.Rxf8+ Nxf8 26.Bxc3 Rxc4 27.Bd2 Ne6 28.Ra1 Ra4
29.Re1 Kf7  0-1

[Event "Knut Bockman Cup"]
[Site "Oslo NOR"]
[Date "2009.04.10"]
[Round "7"]
[White "Gandrud,V"]
[Black "Kovachev,D"]
[Result "1/2-1/2"]
[WhiteElo "2124"]
[BlackElo "2256"]

1.d4 Nf6 2.c4 e6 3.Nf3 Bb4+ 4.Nbd2 O-O 5.g3 d6 6.a3 Bxd2+ 7.Qxd2 a5 8.b3 Qe7
9.Bb2 Nc6 10.Bg2 e5 11.dxe5 dxe5 12.O-O h6 13.Qc2 Re8 14.e3 e4 15.Nd2 Bf5
16.Rad1 Ne5 17.Bxe5 Qxe5 18.Nb1 Bg4 19.Rd4 c5 20.Rd2 Qh5 21.Nc3 Bh3 22.Nd5 Nxd5
23.Rxd5  1/2-1/2

[Event "47th Doeberl Cup Premier"]
[Site "Canberra AUS"]
[Date "2009.04.11"]
[Round "6"]
[White "Holland,D"]
[Black "Gibbons,R"]
[Result "0-1"]
[WhiteElo "1963"]
[BlackElo "2067"]

1.d4 Nf6 2.Nf3 e6 3.c4 Bb4+ 4.Nbd2 O-O 5.a3 Be7 6.e4 d5 7.e5 Nfd7 8.Qc2 Re8
9.Bd3 Nf8 10.Nf1 b6 11.cxd5 exd5 12.Ne3 Ba6 13.Nf5 Bxd3 14.Qxd3 f6 15.Nxe7+ Qxe7
16.O-O Nbd7 17.exf6 Nxf6 18.Bg5 Qd6 19.Bxf6 Qxf6 20.Rac1 Qd6 21.Qb5 a6 22.Qc6 Rac8
23.h3 Qxc6 24.Rxc6 Re6 25.Rfc1 Rxc6 26.Rxc6 Kf7 27.b4 Ne6 28.Rc2 c5 29.dxc5 bxc5
30.bxc5 Rxc5 31.Rxc5 Nxc5 32.Nd4 Kf6 33.Kf1 Ke5 34.Nf3+ Ke4 35.Ke2 h6 36.Nh4 Ne6
37.Ng6 Kd4 38.Ne7 Kc4 39.g3 a5 40.f4 a4 41.f5 Ng5 42.h4 Ne4 43.g4 d4 44.Nc6 d3+
45.Ke3 d2  0-1

[Event "47th Doeberl Cup Premier"]
[Site "Canberra AUS"]
[Date "2009.04.13"]
[Round "9"]
[White "Holland,D"]
[Black "Grigg,S"]
[Result "1-0"]
[WhiteElo "1963"]
[BlackElo "1927"]

1.d4 e6 2.c4 Nf6 3.Nf3 Bb4+ 4.Nbd2 b6 5.a3 Bxd2+ 6.Bxd2 Bb7 7.Bg5 d6 8.e3 Nbd7
9.Be2 h6 10.Bxf6 Nxf6 11.O-O c5 12.Qa4+ Qd7 13.Qxd7+ Nxd7 14.Rfd1 Rd8 15.b4 Ke7
16.Rab1 Rhe8 17.Rb2 g5 18.h3 f6 19.Nh2 f5 20.Bf3 Bxf3 21.Nxf3 e5 22.Nd2 Kf6
23.Nb3 exd4 24.exd4 cxd4 25.Nxd4 Ne5 26.Rc2 a6 27.Nb3 h5 28.Rd4 g4 29.hxg4 Nxg4
30.Rd1 Re5 31.Rcd2 Kf7 32.g3 h4 33.Rxd6 Rxd6 34.Rxd6 h3 35.Rd1 h2+ 36.Kg2 Re2
37.Nd4 Ne3+  1-0

[Event "XXVII Open"]
[Site "Metz FRA"]
[Date "2009.04.13"]
[Round "4"]
[White "Abbasov,F"]
[Black "Lalic,B"]
[Result "1/2-1/2"]
[WhiteElo "2577"]
[BlackElo "2508"]

1.Nf3 Nf6 2.c4 e6 3.d4 Bb4+ 4.Nbd2 b6 5.a3 Bxd2+ 6.Qxd2 Bb7 7.e3 O-O 8.Be2 d6
9.b4 Nbd7 10.Bb2 a5 11.O-O Qe7 12.Qc2 axb4 13.axb4 c5 14.Qb3 Bc6 15.dxc5 bxc5
16.b5 Bb7 17.Rxa8 Rxa8 18.Ra1 Qd8 19.Rd1 Qb8 20.h3 d5 21.Nd2 h6 22.Bf1 Ra7
23.Ra1 Rxa1 24.Bxa1 Qa8 25.Bb2 Ne8 26.cxd5 exd5 27.Qc3 Nef6 28.Nb3 Qa2 29.Na5 Ba8
30.f3 Nb6 31.Qa3 Qxa3 32.Bxa3 Nfd7 33.Kf2 f5 34.Bd3 g6 35.f4 Kf7 36.g4 fxg4
37.hxg4 d4 38.exd4 cxd4 39.Nb3 Nf6 40.Kg3 h5 41.g5 Ne4+ 42.Bxe4 Bxe4 43.Nxd4 Nd5
44.Bd6 Ke8 45.Be5 Kd8 46.Ne6+ Kc8 47.Nc5 Bf5 48.Kh4 Nb6 49.Bd4 Bc2 50.Kg3 Nd7
51.Ne6 Bf5 52.Ng7 Bd3 53.b6 Kb7 54.Ne6 Bb1 55.Nd8+ Kc8 56.Nf7 Kb7 57.Nd8+ Kc8
58.Nf7 Kb7 59.f5 gxf5 60.Nd8+ Kc8 61.Ne6 Ba2 62.Nc5 Nxb6 63.Kf4 Bf7 64.Kxf5  1/2-1/2

[Event "XXVII Open"]
[Site "Metz FRA"]
[Date "2009.04.15"]
[Round "7"]
[White "Shchekachev,A"]
[Black "Bauer,Ch"]
[Result "1/2-1/2"]
[WhiteElo "2532"]
[BlackElo "2605"]

1.d4 e6 2.Nf3 Nf6 3.c4 Bb4+ 4.Nbd2 d5 5.Qa4+ Nc6 6.a3 Bxd2+ 7.Bxd2 Ne4 8.Rd1 O-O
9.e3 Bd7 10.Qc2 Be8 11.b4 a6 12.Be2 f6 13.O-O Nd6 14.Rc1 Bg6 15.Qa2 dxc4
16.Bxc4 Nxc4 17.Qxc4 Qd5 18.Qxd5 exd5 19.Rc5 Rfd8 20.Rfc1 Rd7 21.Be1 Rc8
22.b5 axb5 23.Rxb5 Nd8 24.a4 Bd3 25.Rb2 Ba6 26.Nd2 Ne6 27.Nb3 b6 28.a5 Kf7
29.f3 bxa5 30.Nc5 Nxc5 31.Rxc5 a4 32.Rb4 c6  1/2-1/2

[Event "zt 3.5 Men"]
[Site "Beijing CHN"]
[Date "2009.04.24"]
[Round "7"]
[White "Ding Liren"]
[Black "Zhou Jianchao"]
[Result "1/2-1/2"]
[WhiteElo "2458"]
[BlackElo "2635"]

1.d4 Nf6 2.c4 e6 3.Nf3 Bb4+ 4.Nbd2 O-O 5.a3 Be7 6.e4 d5 7.cxd5 exd5 8.e5 Nfd7
9.Bd3 c5 10.h4 h6 11.Ng5 cxd4 12.e6 Ne5 13.exf7+ Nxf7 14.Nxf7 Rxf7 15.Qh5 Qd6
16.Nf3 Nc6 17.Bd2 Qe6+ 18.Kf1 Qg4 19.Qxd5 Be6 20.Qe4 Qxe4 21.Bxe4 Rd8 22.Rc1 Bd5
23.Bxd5 Rxd5 24.Rh3 a5 25.Ne1 Kf8 26.Nd3 h5 27.b4 axb4 28.Bxb4 Bxb4 29.axb4  1/2-1/2

[Event "XXII Open"]
[Site "Benidorm ESP"]
[Date "2009.04.30"]
[Round "7"]
[White "Kempinski,R"]
[Black "Granero Roca,A"]
[Result "1-0"]
[WhiteElo "2587"]
[BlackElo "2393"]

1.d4 Nf6 2.c4 e6 3.Nf3 Bb4+ 4.Nbd2 b6 5.a3 Bxd2+ 6.Qxd2 Bb7 7.e3 d6 8.Be2 Nbd7
9.b4 O-O 10.O-O e5 11.Bb2 Qe7 12.Rfd1 Ne4 13.Qc2 exd4 14.Nxd4 Qg5 15.Bf3 Qg6
16.Nb5 Rfc8 17.Qe2 a6 18.Nc3 Nxc3 19.Bxc3 Bxf3 20.Qxf3 Qe6 21.Rd5 Re8 22.Rad1 f6
23.h3 Qe4 24.Qe2 Qg6 25.a4 Qe4 26.a5 bxa5 27.Rxa5 Ne5 28.c5 Qc4 29.Qa2 Qxa2
30.Rxa2 dxc5 31.bxc5 Re6 32.f4 Nc6 33.Kf2 Re4 34.Rd7 Ra7 35.g4 Rc4 36.Ba1 Rxc5
37.g5 Nb4 38.Rad2 Rc2 39.Rxc2 Nxc2 40.Bc3 a5 41.gxf6 gxf6 42.Bxf6 a4 43.Ke2 a3
44.Kd2 Nb4 45.Ba1 Na6 46.Rd5 c5 47.e4 Rb7 48.Rd8+ Kf7 49.Ra8 Rb6 50.f5 a2
51.e5 Nb4 52.e6+ Ke7 53.Ra7+ Ke8 54.Bf6 Ra6 55.Rxh7 Rd6+ 56.Ke2  1-0

[Event "Heroes Day Cup Candidates"]
[Site "Bridgetown BAR"]
[Date "2009.05.03"]
[Round "9"]
[White "Suez Panama,G"]
[Black "Halliday,L"]
[Result "1/2-1/2"]
[WhiteElo "2098"]
[BlackElo "2024"]

1.d4 Nf6 2.Nf3 e6 3.c4 Bb4+ 4.Nbd2 b6 5.a3 Bxd2+ 6.Nxd2 Bb7 7.Qc2 d5 8.cxd5 exd5
9.Nf3 Qd6 10.g3 c5 11.Bf4 Qc6 12.Ne5 Qc8 13.h4 O-O 14.Bh3 Qd8 15.dxc5 Nc6
16.Nxc6 Bxc6 17.cxb6 Qxb6 18.Rc1 Bd7 19.Bxd7 Nxd7 20.O-O Rfe8 21.Rfd1 Qe6
22.Kg2 Nb6 23.e3 h6 24.b3 Nd7 25.Qd3 Nf6 26.Bc7 Re7 27.Ba5 Rb8 28.b4 Rd7
29.Rc2 Re7 30.b5 Rd7 31.a4 Re8 32.Rc7 Rxc7 33.Bxc7 Rc8 34.Bf4 Rc4 35.a5 Ra4
36.Bc7 Rc4 37.b6 axb6 38.axb6 Qc6 39.f3 Rc2+ 40.Rd2 Rxd2+ 41.Qxd2 Ne8 42.Qa5 Qc2+
43.Kf1 Qd1+ 44.Kf2 Qc2+ 45.Ke1 Qc1+ 46.Ke2 Nxc7 47.bxc7 Qc2+ 48.Kf1 Qc1+
49.Kg2 Qc2+ 50.Kf1 Qc1+ 51.Ke2 Qc2+  1/2-1/2

[Event "Torch Real Estate Cup"]
[Site "Chengdu CHN"]
[Date "2009.05.04"]
[Round "1"]
[White "Pashikian,A"]
[Black "Zhou Jianchao"]
[Result "1/2-1/2"]
[WhiteElo "2655"]
[BlackElo "2635"]

1.d4 Nf6 2.c4 e6 3.Nf3 Bb4+ 4.Nbd2 O-O 5.a3 Be7 6.e3 c5 7.Bd3 cxd4 8.exd4 b6
9.b4 a5 10.bxa5 Rxa5 11.O-O d5 12.Qb3 Nbd7 13.cxd5 Nxd5 14.Rb1 Bb7 15.a4 Qa8
16.Bb5 Bc6 17.Nc4 Bxb5 18.axb5 Ra4 19.Bd2 Rc8 20.Rbc1 h6 21.Qd3 Ra2 22.g3 Rc7
23.Rfe1 Qa4 24.Ne3 N7f6 25.Ne5 Rxc1 26.Rxc1 Ra1 27.Qc4 Qxc4 28.N3xc4 Rxc1+
29.Bxc1 Ne4 30.Bb2 Nd6 31.Nxd6 Bxd6 32.Nc4 Bb4 33.Kf1 Kf8 34.Ke2 Ke7 35.Kd3 f6
36.Ne3 Kd7 37.Kc4 Nxe3+ 38.fxe3 Bd6 39.d5 Bc5 40.e4 h5 41.h3 e5 42.g4 hxg4
43.hxg4 g5 44.Bc3 Kd6 45.Bd2  1/2-1/2

[Event "84th ch-ARG Semifinal"]
[Site "La Plata ARG"]
[Date "2009.05.05"]
[Round "8"]
[White "Colantonio,Mau"]
[Black "Giampa,A"]
[Result "0-1"]
[WhiteElo "1927"]
[BlackElo "2237"]

1.d4 Nf6 2.c4 e6 3.Nf3 Bb4+ 4.Nbd2 c5 5.e3 cxd4 6.exd4 b6 7.a3 Be7 8.Bd3 Bb7
9.O-O O-O 10.b3 d5 11.Bb2 Nbd7 12.Qe2 Re8 13.Rac1 Rc8 14.Rfd1 dxc4 15.bxc4 Qc7
16.Bb1 g6 17.Nf1 Bf8 18.Ne3 Bg7 19.Ba2 Qf4 20.Ne5 Nxe5 21.dxe5 Ne4 22.g3 Qg5
23.h4 Qe7 24.Bb1 h5 25.Nf1 Nc5 26.Nd2 Qc7 27.Re1 Rcd8 28.Ne4 Qc6 29.f3 Rd7
30.Nd6 Red8 31.Nxb7 Nxb7 32.Rcd1 Qc5+ 33.Kh2 Rxd1 34.Rxd1 Rxd1 35.Qxd1 Bxe5
36.Bxe5 Qxe5 37.Be4 Nc5  0-1

[Event "Copenhagen Chess Challenge"]
[Site "Ballerup DEN"]
[Date "2009.05.08"]
[Round "4"]
[White "Rossen,C"]
[Black "Carstensen,J"]
[Result "0-1"]
[WhiteElo "2134"]
[BlackElo "2331"]

1.d4 Nf6 2.c4 e6 3.Nf3 Bb4+ 4.Nbd2 O-O 5.a3 Be7 6.g3 b6 7.Bg2 Bb7 8.O-O c5
9.dxc5 bxc5 10.Qc2 Qc7 11.e4 Nc6 12.Re1 d6 13.Qc3 Nd7 14.Rb1 Bf6 15.Qc2 a5
16.b3 a4 17.bxa4 Nd4 18.Nxd4 Bxd4 19.Nf3 Bc6 20.Nxd4 cxd4 21.Qd1 e5 22.Qg4 Kh8
23.Bh3 Nc5 24.Qh4 Bd7 25.Bf5 Bxf5 26.exf5 f6 27.g4 Rxa4 28.g5 fxg5 29.Bxg5 Rxa3
30.f6 Ne6 31.Bc1 Rf3 32.Qe4 R3xf6 33.Rb7 Qc8 34.Ba3 Ng5 35.Qg2 Nf3+ 36.Kh1 Qxb7  0-1

[Event "Copenhagen Chess Challenge"]
[Site "Ballerup DEN"]
[Date "2009.05.08"]
[Round "5"]
[White "Pallesen,Ja"]
[Black "Vovk,Ok"]
[Result "1/2-1/2"]
[WhiteElo "2030"]
[BlackElo "2142"]

1.d4 Nf6 2.Nf3 e6 3.c4 Bb4+ 4.Nbd2 O-O 5.a3 Bxd2+ 6.Bxd2 b6 7.Bg5 Bb7 8.e3 h6
9.Bh4 d6 10.Bd3 Nbd7 11.Qc2 c5 12.O-O Rc8 13.Rac1 Bxf3 14.gxf3 cxd4 15.exd4 e5
16.Bf5 Rc7 17.Bxd7 Qxd7 18.dxe5 dxe5 19.Bxf6 gxf6 20.Kh1 f5 21.Rg1+ Kh8 22.Qe2 Qd4
23.Rcd1 Qf4 24.b3 Rg8 25.Rxg8+ Kxg8 26.Rg1+ Kh7 27.Qd3 e4 28.Qd8 Qxf3+ 29.Rg2 Rc8
30.Qxc8 Qd1+  1/2-1/2

[Event "TCh-ISR 2008-9"]
[Site "Israel ISR"]
[Date "2009.05.08"]
[Round "7"]
[White "Bykhovsky,An ISR"]
[Black "Zoler,D"]
[Result "1/2-1/2"]
[WhiteElo "2447"]
[BlackElo "2475"]

1.d4 Nf6 2.c4 e6 3.Nf3 Bb4+ 4.Nbd2 b6 5.a3 Bxd2+ 6.Qxd2 Bb7 7.e3 O-O 8.Be2 d6
9.O-O Nbd7 10.b4 Qe7 11.Bb2 Rfd8 12.Rfd1 h6 13.Rac1 a5 14.b5 Rac8 15.Ne1 e5
16.f3 exd4 17.Bxd4 Nc5 18.Qa2 Nfd7 19.e4 Rf8 20.Bd3 Ne5 21.Bb1 Rce8 22.Rc3 Bc8
23.Bf2 f5 24.exf5 Bxf5 25.Bxf5 Rxf5 26.Nc2 Qf6 27.Nd4 Rf4 28.Qd2 Qf7 29.Bg3 Rf6
30.Re1 Ned7 31.Rxe8+ Qxe8 32.Re3 Qg6 33.Qd1 Kh7 34.f4 Rf7 35.h4 Qf6 36.Nc6 Qb2
37.Qd5 Qf6 38.Re8 Nf8 39.Qd1 Qg6 40.Qe1 Nfe6 41.Ne7 Qd3 42.f5 Nd4 43.h5 Rxe7
44.Qxe7 Qxg3 45.Qf7 Nf3+ 46.Kf1 Nh2+ 47.Kg1 Nf3+ 48.Kf1 Nh2+ 49.Kg1 Nf3+  1/2-1/2

[Event "31st Banicky kahanec"]
[Site "Prievidza SVK"]
[Date "2009.05.09"]
[Round "7"]
[White "Miton,K"]
[Black "Polak,T"]
[Result "1/2-1/2"]
[WhiteElo "2596"]
[BlackElo "2508"]

1.d4 Nf6 2.Nf3 e6 3.c4 Bb4+ 4.Nbd2 b6 5.a3 Bxd2+ 6.Qxd2 Bb7 7.e3 O-O 8.Be2 d6
9.O-O Nbd7 10.b4 a5 11.Bb2 axb4 12.axb4 Qe7 13.Qc2 Rfc8 14.Nd2 c5 15.dxc5 dxc5
16.b5 Rxa1 17.Rxa1 Ra8 18.Rd1 Ne8 19.Nf1 Nf8 20.Qd3 Rc8 21.Ng3 Rc7 22.Qa3 Rd7
23.Ra1 Qd8 24.Qb3 Ng6 25.f3 Qb8 26.Bd3 Qd8 27.Be2 Qb8 28.Qc3 Qd8 29.Qe1 f6
30.Bc3 Qb8 31.Rd1 Qd8 32.Rxd7 Qxd7 33.Qa1 Nd6 34.Nf1 Ne7 35.e4 Nf7 36.Ne3 Qc7
37.g3 Ng6 38.Ng4 h5 39.Ne3  1/2-1/2

[Event "III Open"]
[Site "La Laguna ESP"]
[Date "2009.05.10"]
[Round "9"]
[White "Teske,H"]
[Black "Tatai,S"]
[Result "1-0"]
[WhiteElo "2523"]
[BlackElo "2351"]

1.d4 Nf6 2.c4 e6 3.Nf3 Bb4+ 4.Nbd2 d5 5.a3 Be7 6.g3 O-O 7.Bg2 c5 8.O-O Nc6
9.dxc5 Bxc5 10.b4 Be7 11.Bb2 a6 12.Rc1 Bd7 13.Qb3 dxc4 14.Nxc4 a5 15.Bxf6 gxf6
16.b5 a4 17.Qe3 Na5 18.Nb6 Bxb5 19.Rfd1 Qb8 20.Nxa8 Qxa8 21.Nd4 Bc4 22.Nf5 Bd8
23.Nh6+ Kh8 24.Rd7 e5 25.Qc5  1-0

[Event "18th CRO-Cup"]
[Site "Sibenik CRO"]
[Date "2009.05.21"]
[Round "2"]
[White "Ascic,A"]
[Black "Vidovic,M"]
[Result "1/2-1/2"]
[WhiteElo "2156"]
[BlackElo "2179"]

1.d4 Nf6 2.c4 e6 3.Nf3 Bb4+ 4.Nbd2 a5 5.e3 O-O 6.Be2 d6 7.O-O Bxd2 8.Bxd2 Qe7
9.Bc3 Ne4 10.Qc2 Nxc3 11.Qxc3 Nd7 12.Nd2 e5 13.Rae1 Re8  1/2-1/2

[Event "18th CRO-Cup"]
[Site "Sibenik CRO"]
[Date "2009.05.22"]
[Round "3"]
[White "Cebalo,M"]
[Black "Saric,A"]
[Result "1-0"]
[WhiteElo "2469"]
[BlackElo "2502"]

1.d4 e6 2.c4 Nf6 3.Nf3 Bb4+ 4.Nbd2 O-O 5.a3 Be7 6.g3 b6 7.Bg2 Bb7 8.O-O c5
9.b3 cxd4 10.Bb2 Qc7 11.Nxd4 Bxg2 12.Kxg2 Qb7+ 13.N2f3 Nc6 14.Rc1 Rfd8 15.Qd2 Ne4
16.Qf4 Nxd4 17.Bxd4 Bxa3 18.Qg4 Bf8 19.Kg1 f5 20.Qf4 b5 21.cxb5 Qxb5 22.Qe3 a5
23.Rfd1 Rab8 24.Rd3 Rdc8 25.Rxc8 Rxc8 26.Ne5 Rc2 27.Kf1 Qb7 28.f3 Nf6 29.Nxd7 Qxd7
30.Bxf6 Qc6 31.Be5 a4 32.Bd6 Qe8 33.bxa4 Ra2 34.Bxf8 Kxf8 35.Qb6 Kf7 36.a5 Qa4
37.Qc7+ Kg6 38.Qe5 Qe8 39.Rd6 Kf7 40.a6 Qc8 41.Qb5 Kf6 42.Rc6 Qd7 43.Qc4 Ra3
44.Kg2 Re3 45.Kf2 Qa7 46.Rc7 Rc3+ 47.Rxa7 Rxc4 48.Rd7 Ra4 49.a7 h5 50.h4 g5
51.Ke1 Ra1+ 52.Kf2 gxh4 53.gxh4 f4 54.e4 fxe3+ 55.Kxe3 Kf5 56.Kd4 Kf4 57.Rf7+ Kg3
58.Kc5 Kxh4 59.Rg7 e5 60.Kb6 Rb1+ 61.Kc7 Ra1 62.Kb8 Rb1+ 63.Rb7 Ra1 64.Rb5 Kg3
65.Rxe5 h4 66.Rh5 Rb1+ 67.Kc7 Ra1 68.Kb7 Rb1+ 69.Ka6 Ra1+ 70.Ra5  1-0

[Event "Subic Open"]
[Site "Subic PHI"]
[Date "2009.05.26"]
[Round "3"]
[White "Deepan,C"]
[Black "Priyadharshan,K"]
[Result "1-0"]
[WhiteElo "2482"]
[BlackElo "2411"]

1.d4 Nf6 2.Nf3 e6 3.c4 Bb4+ 4.Nbd2 b6 5.e3 Bb7 6.a3 Bxd2+ 7.Qxd2 d6 8.b4 Nbd7
9.Bb2 c5 10.Be2 Qe7 11.O-O O-O 12.Rfd1 Rfd8 13.Qe1 e5 14.bxc5 bxc5 15.dxe5 dxe5
16.Qa5 Ne8 17.a4 e4 18.Ne1 Qe6 19.Rab1 Qa6 20.Bc3 Nb6 21.Rxd8 Rxd8 22.Qxc5 Nxa4
23.Qe7 Qd6 24.Qxd6 Nxd6 25.Bd4 Bc6 26.g4 h5 27.c5 Nc8 28.Rb8 Rf8 29.Bd1 a5
30.Rb1 Rd8 31.Ra1 Rxd4 32.exd4 Nc3 33.Nc2 Ne7 34.Ne3 a4 35.d5 Nexd5 36.Nxd5 Bxd5
37.Bxa4 Kf8 38.Ra3 Ne2+ 39.Kf1 Nd4 40.Rc3 Ne6 41.c6 Nc7 42.Bb3 Bxb3 43.Rxb3 Ke7
44.gxh5 Kd6 45.Rg3 Ne6 46.Rxg7  1-0

[Event "Subic Open"]
[Site "Subic PHI"]
[Date "2009.05.26"]
[Round "3"]
[White "Gupta,Ab"]
[Black "Xiu Deshun"]
[Result "0-1"]
[WhiteElo "2570"]
[BlackElo "2422"]

1.d4 Nf6 2.c4 e6 3.Nf3 Bb4+ 4.Nbd2 O-O 5.a3 Be7 6.e4 d5 7.e5 Nfd7 8.b4 a5
9.b5 c5 10.Bb2 cxd4 11.Bxd4 Nc5 12.Qc2 Nbd7 13.Be2 b6 14.cxd5 exd5 15.O-O Bb7
16.a4 f6 17.exf6 Bxf6 18.Nb3 Rc8 19.Qb2 Nxb3 20.Qxb3 Nc5 21.Qa2 Bxd4 22.Nxd4 Rf4
23.Rad1 Qf6 24.Nc6 Rxa4 25.Qxd5+ Kh8 26.Bf3 Rf4 27.Rfe1 h6 28.Re3 Qb2 29.Qd6 Qf6
30.Qd2 Qg5 31.Qc3 Rcf8 32.Rde1 Qf6 33.Qc2 Bc8 34.Qd2 Kh7 35.Ne5 Bf5 36.Rd1 Rb4
37.Bc6 Rd8 38.Bd5 Ne4 39.Rxe4 Bxe4 40.Nd7 Qe7 41.Bc6 Bf5 42.h3 Bxd7 43.Bxd7 Kh8
44.Qd5 Re4 45.Qd2 Re2 46.Qc3 Qb4 47.Qc7 Qe7 48.Qc3 Qe5 49.Qc1 Qf6 50.f4 Qb2
51.Qc6 Qc2 52.Rd5 Rxg2+  0-1

[Event "Subic Open"]
[Site "Subic PHI"]
[Date "2009.05.26"]
[Round "3"]
[White "Jia,H"]
[Black "Kunte,A"]
[Result "1/2-1/2"]
[WhiteElo "2344"]
[BlackElo "2513"]

1.d4 Nf6 2.Nf3 e6 3.c4 Bb4+ 4.Nbd2 O-O 5.a3 Be7 6.e4 d5 7.Bd3 c5 8.dxc5 dxe4
9.Nxe4 Nxe4 10.Bxe4 Qxd1+ 11.Kxd1 Bxc5 12.Ke2 a5 13.Be3 Na6 14.Rhd1 Bxe3
15.Kxe3 Nc5 16.Bc2 a4 17.Rd6 Bd7 18.Ne5 Be8 19.Rad1 f6 20.Nd3 Rc8 21.Nxc5 Rxc5
22.Rxe6 Rxc4 23.Be4 Bc6 24.Bxc6 bxc6 25.Rd7 Rb8 26.Ree7 Rg4 27.Kf3 h5 28.Rb7 Rd8
29.h3 Rg5 30.g3 Rd3+ 31.Ke2 Rdd5 32.h4 Rg4 33.Ke3 Rd1 34.Rec7 Re1+ 35.Kf3 Rc1
36.Rb8+ Kh7 37.Rb6 Rgc4 38.Rbb7 Rg4 39.Rb6 Rgc4 40.Rbb7 Rg4 41.Rb6  1/2-1/2

[Event "Subic Open"]
[Site "Subic PHI"]
[Date "2009.05.28"]
[Round "6"]
[White "Laylo,D"]
[Black "Nguyen Thanh Son"]
[Result "1-0"]
[WhiteElo "2509"]
[BlackElo "2362"]

1.d4 Nf6 2.c4 e6 3.Nf3 Bb4+ 4.Nbd2 O-O 5.a3 Bxd2+ 6.Bxd2 Ne4 7.g3 d6 8.Bg2 Nd7
9.Be3 f5 10.O-O Ndf6 11.Nd2 Bd7 12.Nxe4 Nxe4 13.Qc2 d5 14.Bf4 c6 15.f3 Nf6
16.Bd6 Rf7 17.e4 Be8 18.c5 Nd7 19.Rfe1 Qf6 20.Qd2 Nf8 21.Re2 Rd7 22.Rae1 Bf7
23.Bh3 g6 24.Be5 Qd8 25.Qh6 Be8 26.g4 Rf7 27.gxf5 exf5 28.exf5 Bd7 29.Rg2  1-0

[Event "Copper State Int"]
[Site "Mesa USA"]
[Date "2009.05.31"]
[Round "4"]
[White "Haskel,J"]
[Black "Rowley,R"]
[Result "1/2-1/2"]
[WhiteElo "2131"]
[BlackElo "2234"]

1.d4 Nf6 2.Nf3 e6 3.c4 Bb4+ 4.Nbd2 O-O 5.a3 Bxd2+ 6.Bxd2 d6 7.Bg5 Nbd7 8.Qc2 Qe7
9.e4 e5 10.d5 a5 11.Be2 a4 12.Nd2 Nc5 13.O-O Bd7 14.f4 Rae8 15.f5 h6 16.Be3 Ra8
17.g4 Nh7 18.Rf2 Qh4 19.Kh1 Ng5 20.Rg2 Nh3 21.Rf1 Nf4 22.Rxf4 exf4 23.Nf3 Qe7
24.Bxc5 dxc5 25.e5 f6 26.e6 Be8 27.h4 Ra6 28.Ne1 Rb6 29.Nd3 Rb3 30.Nxf4 Qd6
31.Qd2 Qe5 32.Bd3 b5 33.cxb5 Bxb5 34.Bxb5 Rxb5 35.Ng6 Qe4 36.Nxf8 Kxf8 37.d6 cxd6
38.Qxd6+ Kg8 39.Qd2 Rb3  1/2-1/2

[Event "12th IHEM"]
[Site "Hamburg GER"]
[Date "2009.06.01"]
[Round "3"]
[White "Hawranke,D"]
[Black "Dalakian,H"]
[Result "0-1"]
[WhiteElo "2176"]
[BlackElo "2130"]

1.d4 Nf6 2.Nf3 e6 3.c4 Bb4+ 4.Nbd2 b6 5.e3 Bb7 6.a3 Bxd2+ 7.Bxd2 a5 8.Bc3 Ne4
9.Bd3 Nxc3 10.bxc3 d6 11.O-O Nd7 12.e4 e5 13.Qe2 Qf6 14.Bc2 O-O 15.Ba4 Rfd8
16.Bxd7 Rxd7 17.d5 Rf8 18.Rab1 Bc8 19.h3 g6 20.Qd3 Re7 21.Kh2 Qf4+ 22.Kg1 f5
23.Rbe1 fxe4 24.Rxe4 Bf5 25.Rxf4 Bxd3 26.Rxf8+ Kxf8 27.Rd1 Be2 28.Rd2 Bxf3
29.gxf3 Rf7 30.Kg2 Rf4 31.c5 bxc5 32.Rb2 Ke7 33.Rb8 Ra4 34.Rh8 h5 35.Rh7+ Kd8
36.Rg7 Rxa3 37.Rxg6 Kc8 38.Rh6 Rxc3 39.Rxh5 a4 40.Rh4 c4 41.Rh8+ Kb7 42.h4 a3
43.h5 a2 44.h6 a1=Q 45.h7 Rc1  0-1

[Event "59th ch-RUS w HL"]
[Site "Voronezh RUS"]
[Date "2009.06.03"]
[Round "3"]
[White "Shaidullina,S"]
[Black "Zaiatz,E"]
[Result "0-1"]
[WhiteElo "2235"]
[BlackElo "2362"]

1.d4 Nf6 2.c4 e6 3.Nf3 Bb4+ 4.Nbd2 d5 5.Qa4+ Nc6 6.a3 Bxd2+ 7.Bxd2 Ne4 8.Bf4 O-O
9.h3 Ne7 10.e3 b6 11.Be2 Bb7 12.O-O Ng6 13.Bh2 dxc4 14.Qxc4 Rc8 15.Rfd1 Qf6
16.Qb5 Bd5 17.Rac1 c6 18.Qa6 Nh4 19.Be5 Qf5 20.Bf4 Ng6 21.Bh2 h5 22.Rf1 Ng5
23.Ne1 Nxh3+ 24.gxh3 Qg5+ 25.Bg3 h4 26.Nf3 Bxf3 27.Bxf3 hxg3 28.Bg2 gxf2+
29.Kxf2 Nh4 30.Rg1 Nf5 31.Qd3 Qh4+ 32.Ke2 c5 33.d5 c4 34.Qc3 Ng3+ 35.Kd2 exd5
36.Rce1 Rfd8 37.Kc1 Qh6 38.Qe5 Ne4 39.Bxe4 dxe4 40.Qxe4 c3 41.Re2 Qf6 42.Kb1 Re8
43.Qd3 cxb2 44.Rxb2 Rc3 45.Qd7 Rcxe3 46.Rc1 Qe7 47.Rc7 Qxd7 48.Rxd7 R8e7
49.Rxe7 Rxe7 50.Rb3 Re2 51.Rd3 Rh2 52.a4 g5 53.Kc1 Kg7 54.Kd1 Kg6 55.Rd7 Rxh3
56.Rxa7 Re3 57.Kd2 Re6 58.Kd3 g4 59.Ra8 Kf5 60.Rf8 f6 61.Kc4 g3 62.Rg8 Re4+
63.Kb5 Rg4  0-1

[Event "Rapid"]
[Site "Hustopece CZE"]
[Date "2009.06.06"]
[Round "2"]
[White "Rosko,L"]
[Black "Hracek,Z"]
[Result "0-1"]
[WhiteElo "2317"]
[BlackElo "2604"]

1.d4 Nf6 2.c4 e6 3.Nf3 Bb4+ 4.Nbd2 O-O 5.e3 d5 6.a3 Be7 7.b3 b6 8.Bd3 Bb7
9.Bb2 a5 10.O-O Nbd7 11.Qc2 c5 12.e4 dxe4 13.Nxe4 a4 14.Rfe1 axb3 15.Nxf6+ Nxf6
16.Qxb3 Bxf3 17.gxf3 cxd4 18.Be4 Ra5 19.Rad1 Rg5+ 20.Kh1 Bc5 21.f4 Rh5 22.Qf3 g6
23.Rd3 Qd6 24.Red1 e5 25.Bc1 Re8 26.Rg1 Nxe4 27.Qxe4 f5 28.Qb7 exf4 29.Rf3 Rh4  0-1

[Event "OKU"]
[Site "Utrecht NED"]
[Date "2009.06.06"]
[Round "2"]
[White "Giri,A"]
[Black "Hirth,U"]
[Result "1-0"]
[WhiteElo "2517"]
[BlackElo "2153"]

1.d4 Nf6 2.c4 e6 3.Nf3 Bb4+ 4.Nbd2 d5 5.g3 O-O 6.Bg2 c6 7.O-O Nbd7 8.Qc2 b5
9.c5 Ba5 10.e4 dxe4 11.Ne5 Nxe5 12.dxe5 e3 13.fxe3 Nd5 14.Ne4 Bc7 15.Nd6 f5
16.e4 fxe4 17.Rxf8+ Qxf8 18.Bxe4 g6 19.Bg5 Qg7 20.Rf1 Bxd6 21.cxd6 Bd7 22.Qf2 Rf8
23.Bf6 Qh6 24.Qxa7 Ne3 25.Qxd7 Nxf1 26.Qxe6+ Rf7 27.d7 Qe3+ 28.Kxf1 Qc1+
29.Kg2 Qd2+ 30.Kh3  1-0

[Event "TCh-BUL w"]
[Site "Sunny Beach BUL"]
[Date "2009.06.08"]
[Round "1"]
[White "Ilieva,H"]
[Black "Vladimirova,M"]
[Result "1/2-1/2"]
[WhiteElo "2114"]
[BlackElo "2084"]

1.d4 Nf6 2.Nf3 e6 3.c4 Bb4+ 4.Nbd2 b6 5.a3 Bxd2+ 6.Qxd2 Bb7 7.e3 d6 8.Be2 Nbd7
9.O-O Qe7 10.b4 O-O 11.Bb2 Ne4 12.Qc2 f5 13.Rad1 Ndf6 14.Ne1 Ng4 15.d5 exd5
16.cxd5 a5 17.b5 Rae8 18.Bd4 Nc5 19.Nf3 Ne4 20.Rc1 Rf7 21.Qb3 Ne5 22.Rfd1 Ng4
23.Rf1 Ne5 24.Rfd1 Kh8 25.Rc2 Nc5 26.Qa2 Ned7 27.Rcd2 Ne4 28.Rc2 Ndc5 29.Bc4 Bc8
30.Qb2 Na4 31.Qa1 Kg8 32.Bb3 Nac5 33.Bc4 Bd7 34.a4 Bc8 35.Bf1 Nb3 36.Qa2 Nbc5
37.Bc4 Bd7 38.Bf1 Ref8 39.Re1 Bc8 40.Bc4  1/2-1/2

[Event "1st SCS GM Open"]
[Site "Bhubaneswar IND"]
[Date "2009.06.11"]
[Round "7"]
[White "Ram,Krishnan"]
[Black "Venkatesh,M"]
[Result "0-1"]
[WhiteElo "2256"]
[BlackElo "2432"]

1.d4 Nf6 2.Nf3 e6 3.c4 Bb4+ 4.Nbd2 b6 5.a3 Bxd2+ 6.Bxd2 Bb7 7.Bg5 d6 8.e3 Nbd7
9.Be2 h6 10.Bh4 Qe7 11.O-O g5 12.Bg3 Ne4 13.Nd2 Nxd2 14.Qxd2 h5 15.f3 f5
16.d5 h4 17.Be1 h3 18.g4 fxg4 19.fxg4 O-O-O 20.b4 exd5 21.cxd5 Rde8 22.Bb5 Qe4
23.Rd1 Ref8 24.Rxf8+ Rxf8 25.Bg3 Ne5 26.Bxe5 dxe5 27.Bc6 Qxg4+ 28.Kh1 Rf2  0-1